Návod k použití

Česko v EÚ. Prínosy vyplývajúce z členstva - morálne hodnoty a stabilita, jasné pravidlá pre ekonomiku, ktorých základom je fungovanie jednotného trhu, prehlbovanie špecializácie a účasť na voľnom obchode.

Guardado en:
Detalles Bibliográficos
Autor principal: Benáček, Vladimír
Formato: Capítulo de libro
Lenguaje:checo
Materias:
Etiquetas: Agregar Etiqueta
Sin Etiquetas, Sea el primero en etiquetar este registro!

MARC

LEADER 00000naa a2200000 4500
001 r048169
005 20231004070936.3
041 0 |a cze 
044 |a CZ 
245 1 0 |a Návod k použití  |c Vladimír Benáček 
520 |a Česko v EÚ. Prínosy vyplývajúce z členstva - morálne hodnoty a stabilita, jasné pravidlá pre ekonomiku, ktorých základom je fungovanie jednotného trhu, prehlbovanie špecializácie a účasť na voľnom obchode. 
610 2 0 |a Európska únia 
610 2 0 |a Česko 
610 2 0 |a trh euromenový 
610 2 0 |a obchod voľný 
610 2 0 |a špecializácia 
100 1 |a Benáček, Vladimír